Les départements avec un numéro divisible par 9 - Statistiques

Statistiques générales
  • Ce quiz a été pris 36 fois
  • Le résultat moyen est 9 sur 10
Statistiques - réponses
Numéro Réponse % Correct
72 Sarthe
93%
90 Territoire de Belfort
93%
63 Puy-de-Dôme
89%
81 Tarn
89%
09 Ariège
85%
18 Cher
85%
27 Eure
85%
45 Loiret
85%
54 Meurthe-et-Moselle
81%
36 Indre
78%
Aucun quiz correspondant
Distribution des résultats
% des personnes avec chaque résultat
Percentile par nombre de réponses
Votre historique - résultats
Vous n’avez pas pris ce quiz